|
|
|
|
| LEADER |
00777nta a2200217 i 4500 |
| 001 |
dokt6969 |
| 005 |
20221018151944.0 |
| 008 |
221018s1976 hu om 0|| hun d |
| 040 |
|
|
|a SZTE Doktori Repozitórium
|b hun
|
| 041 |
|
|
|a hun
|
| 100 |
1 |
|
|a Kiss Zsuzsanna
|
| 245 |
1 |
0 |
|a Szívizom sejtmembrán (Na+-K+) aktiválható ATP-áz és foszfodiészteráz enzimek vizsgálata
|h [elektronikus dokumentum] /
|c Kiss Zsuzsanna
|
| 260 |
|
|
|c 1976
|
| 502 |
|
|
|a Disszertacio
|
| 650 |
|
4 |
|a biológiai tudományok
|
| 650 |
|
4 |
|a Természettudományok
|
| 650 |
|
4 |
|a Biológiai tudományok
|
| 650 |
|
4 |
|a Biokémia és molekuláris biológia
|
| 695 |
|
|
|a Biokémia
|
| 700 |
1 |
|
|a Guba Ferenc
|e ths
|
| 856 |
4 |
0 |
|u https://doktori.bibl.u-szeged.hu/id/eprint/6969/1/1976_kiss_zsuzsanna.pdf
|z Dokumentum-elérés
|